RICS Draft Professional Standard: The valuation of licensed leisure property including public houses, bars, nightclubs and restaurants, 2nd edition (Record no. 121871)
[ view plain ]
| 000 -LEADER | |
|---|---|
| fixed length control field | 02070nam a22002657a 4500 |
| 008 - FIXED-LENGTH DATA ELEMENTS--GENERAL INFORMATION | |
| fixed length control field | 240326t2024 xxk|||||o|||| 00| 0 eng d |
| 041 ## - LANGUAGE CODE | |
| Language code of text/sound track or separate title | eng |
| 110 ## - MAIN ENTRY--CORPORATE NAME | |
| Corporate author | Royal Institution of Chartered Surveyors |
| 245 ## - TITLE STATEMENT | |
| Title | RICS Draft Professional Standard: The valuation of licensed leisure property including public houses, bars, nightclubs and restaurants, 2nd edition |
| Subtitle | a consultation |
| Medium | [Electronic resource] |
| 260 ## - PUBLICATION INFORMATION | |
| Place of publication | London, |
| Publisher | Royal Institution of Chartered Surveyors, |
| Date | 25 March 2024 |
| 300 ## - PHYSICAL DESCRIPTION | |
| Physical description | 22p. |
| 490 ## - SERIES TITLE | |
| Series statement | RICS Consultation |
| 520 ## - ABSTRACT | |
| Abstract | RICS members and external stakeholders such as industry bodies, government, pub tenants and owners have requested an update to the 2010 guidance note Valuation of licensed leisure property, including public houses, bars, nightclubs and restaurants, 1st edition. In a specialist market such as licensed leisure, the provision and consideration of professional advice can be complex. Parts of the licensed leisure market are highly regulated, and we want the views of market stakeholders on how the valuation process interacts with this, to make sure our coverage of the valuation process is clear, concise and balanced.<br/><br/>This consultation is an opportunity to shape our updated professional standard related to the economically and culturally significant licensed leisure market sector, which has evolved substantially in recent years. It allows people to give their views on what needs updating and how. Consultation opened 25 March 2024 closes 14 June 2024. <br/> |
| 650 ## - KEYWORDS | |
| Keywords | LICENCED PREMISES |
| 650 ## - KEYWORDS | |
| Keywords | NIGHTCLUBS |
| 650 ## - KEYWORDS | |
| Keywords | PUBLIC HOUSES |
| 650 ## - KEYWORDS | |
| Keywords | RESTAURANTS |
| 650 ## - KEYWORDS | |
| Keywords | VALUATION |
| 651 ## - SUBJECT ADDED ENTRY--GEOGRAPHIC NAME | |
| Geographic name | England |
| 690 ## - BROAD SUBJECT | |
| Broad subject | Valuation |
| 9 (RLIN) | 6273 |
| 710 ## - ADDED CORPORATE NAME | |
| Added corporate author | Royal Institution of Chartered Surveyors |
| 856 ## - ONLINE RESOURCE | |
| Uniform Resource Identifier | <a href="https://consultations.rics.org/valuationofleisureproperty/view?objectID=201279941">https://consultations.rics.org/valuationofleisureproperty/view?objectID=201279941</a> |
| Public note | View the consultation document on RICS.org |
| 856 ## - ONLINE RESOURCE | |
| Uniform Resource Identifier | <a href="https://consultations.rics.org/valuationofleisureproperty/consultationHome">https://consultations.rics.org/valuationofleisureproperty/consultationHome</a> |
| Public note | View the RICS iConsult homepage on licenced premises |
| 942 ## - ADDED ENTRY ELEMENTS (KOHA) | |
| Suppress in OPAC | Do not suppress in OPAC |
| Lost status | Damaged status | Not for loan | Current library | Shelving location | Date acquired | Total Checkouts | Full call number | Date last seen | Price effective from | Koha item type |
|---|---|---|---|---|---|---|---|---|---|---|
| Virtual | Online | 26/03/2024 | RICS iConsult | 26/03/2024 | 26/03/2024 | Online material |